Joueurs en S à Barcelone - Depuis 2010 - Statistiques

Statistiques générales
  • Ce quiz a été pris 24 fois
  • Le résultat moyen est 4 sur 7
Statistiques - réponses
Poste Joueur % Correct
Denis Suarez
95%
Jeffrén Suarez
95%
Luis Suarez
95%
Défenseur Nélson Semedo
40%
Gardien Wojciech Szczesny
35%
Attaquant Alexis Sanchez
30%
Milieu Alex Song
0%
Aucun quiz correspondant
Distribution des résultats
% des personnes avec chaque résultat
Percentile par nombre de réponses
Votre historique - résultats
Vous n’avez pas pris ce quiz